<?xml version="1.0" encoding="UTF-8"?>
<collection xmlns="http://www.loc.gov/MARC21/slim">
 <record>
  <leader>02074nam a2200253 a 4500</leader>
  <controlfield tag="001">TVCDKTCT6264</controlfield>
  <controlfield tag="003">Thư viện trường Cao đẳng Kỹ thuật Cao Thắng</controlfield>
  <controlfield tag="005">20061218000000</controlfield>
  <controlfield tag="008">061218</controlfield>
  <datafield tag="980" ind1="\" ind2="\">
   <subfield code="a">Thư viện Trường CĐ Kỹ Thuật Cao Thắng</subfield>
  </datafield>
  <datafield tag="024" ind1=" " ind2=" ">
   <subfield code="a">RG_1 #1 eb0 i1 i5</subfield>
  </datafield>
  <datafield tag="041" ind1="0" ind2="#">
   <subfield code="a">vie</subfield>
  </datafield>
  <datafield tag="082" ind1="#" ind2="#">
   <subfield code="a">101 / </subfield>
   <subfield code="b">GI108T-n</subfield>
  </datafield>
  <datafield tag="100" ind1="1" ind2="#">
   <subfield code="a">Nhiều tác giả</subfield>
  </datafield>
  <datafield tag="245" ind1="0" ind2="0">
   <subfield code="a">Giáo trình Triết học Mác-Lênin. /</subfield>
   <subfield code="c">Nhiều tác giả</subfield>
  </datafield>
  <datafield tag="250" ind1="#" ind2="#">
   <subfield code="a">Tái bản lần thứ 2</subfield>
  </datafield>
  <datafield tag="260" ind1="#" ind2="#">
   <subfield code="a">H. :</subfield>
   <subfield code="b">Chính trị quốc gia ,</subfield>
   <subfield code="c">2006</subfield>
  </datafield>
  <datafield tag="300" ind1="#" ind2="#">
   <subfield code="a">407tr. ;</subfield>
   <subfield code="c">21cm</subfield>
  </datafield>
  <datafield tag="520" ind1="#" ind2="#">
   <subfield code="a">Triết học Mác - Lênin là môn học hết sức quan trọng được đảng và Nhà nước quan tâm chỉ đạo, không ngừng nâng cao chất lượng từ khâu biên soạn giáo trình, giảng dạy, học tập, nghiên cứu trong hệ thống giáo dục của nhà nước.</subfield>
  </datafield>
  <datafield tag="520" ind1="#" ind2="#">
   <subfield code="a"> Giáo trình &quot;Triết học Mác-Lênin&quot; sẽ giúp bạn đọc nhận rõ nguyên tắc kiên trì chủ nghĩa Mác-Lênin của đảng ta; nhận rõ bản chất cách mạng, tính Đảng, tính chiến đấu của triết học Mác - Lênin. Nó sẽ góp phần chứng minh sự không ngừng phát triển tất yếu, hợp quy luật khách quan của triết học Mác - Lênin đã góp phần làm nên lịch sử văn minh nhân loại.</subfield>
  </datafield>
  <datafield tag="520" ind1="#" ind2="#">
   <subfield code="a">  Với 14 chương, được sắp xếp theo một trật tự lôgic thống nhất và có hệ thống của những vấn đề triết học, cuốn sách sẽ là những đổi mới thực sự về phương pháp trình bày, thể hiện đầy đủ những nguyên lý, quy luật lý luận của triết học hiện nay của nước ta.</subfield>
  </datafield>
  <datafield tag="650" ind1="#" ind2="4">
   <subfield code="a">Triết học</subfield>
  </datafield>
  <datafield tag="650" ind1="#" ind2="4">
   <subfield code="a">Mác-Lênin</subfield>
  </datafield>
  <datafield tag="650" ind1="#" ind2="4">
   <subfield code="a">Triết học--Giáo trình</subfield>
  </datafield>
 </record>
</collection>
